Guia per a la mediació intercultural amb població gitana / [direcció: Carme Garriga] Carme Garriga]
Descripción Física:
53 p. ; 21 cm
Otros Autores:
Garriga, Carme
MARC
| LEADER | 00000nam a2200000Ia 4500 | ||
|---|---|---|---|
| 001 | 21116 | ||
| 008 | 160829s2006 xx 000 0 cat d | ||
| 080 | |a S-1-270 | ||
| 245 | |a Guia per a la mediació intercultural amb població gitana / [direcció: |b Carme Garriga] | ||
| 260 | |a Barcelona : |b Diputació de Barcelona. Àrea de Benestar Social, |c 2006 | ||
| 300 | |a 53 p. ; |c 21 cm | ||
| 590 | |a Vegeu també: R. 19618 | ||
| 650 | 0 | |a Mediació |9 32701 | |
| 650 | |a Gitanos |9 41271 | ||
| 700 | |a Garriga, Carme |9 57766 | ||
| 710 | 1 | |a Barcelona (Catalunya : Província). |b Àrea de Benestar Social |9 52988 | |
| 901 | |a Arxiu | ||
| 942 | |n 1 | ||
| 952 | |0 0 |1 0 |4 0 |6 S1270 |7 1 |9 50119 |a Arxiu |b Arxiu |d 2016-12-01 |l 0 |o S-1-270 |p 21116 |r 2016-12-01 00:00:00 |w 2016-12-01 |y ARXIU | ||
| 999 | |c 53961 |d 53961 | ||